[Event "World Cup 2023 Open"]
[Site "Baku, Azerbaijan"]
[Date "2023.08.02"]
[Round "11.18"]
[White "Vitiugov Nikita (FID)"]
[Black "Fridman Daniel (GER)"]
[Result "1-0"]
[WhiteFideId "4152956"]
[BlackFideId "11600454"]
[WhiteElo "2720"]
[BlackElo "2586"]

1. e4 {[%clk 01:30:54]} {[%emt 00:00:05]} e5 {[%clk 01:30:54]} {[%emt
00:00:06]} 2. Nf3 {[%clk 01:31:17]} {[%emt 00:00:07]} Nf6 {[%clk 01:31:19]}
{[%emt 00:00:05]} 3. Nxe5 {[%clk 01:31:19]} {[%emt 00:00:27]} d6 {[%clk
01:31:44]} {[%emt 00:00:06]} 4. Nf3 {[%clk 01:31:44]} {[%emt 00:00:04]} Nxe4
{[%clk 01:32:08]} {[%emt 00:00:06]} 5. d4 {[%clk 01:32:07]} {[%emt 00:00:08]}
d5 {[%clk 01:32:34]} {[%emt 00:00:05]} 6. Bd3 {[%clk 01:32:30]} {[%emt
00:00:06]} Bf5 {[%clk 01:32:01]} {[%emt 00:01:03]} 7. O-O {[%clk 01:32:19]}
{[%emt 00:00:41]} Be7 {[%clk 01:32:26]} {[%emt 00:00:05]} 8. Re1 {[%clk
01:31:24]} {[%emt 00:01:25]} O-O {[%clk 01:32:38]} {[%emt 00:00:18]} 9. Nbd2
{[%clk 01:31:15]} {[%emt 00:00:38]} Nd6 {[%clk 01:32:37]} {[%emt 00:00:31]} 10.
Nf1 {[%clk 01:31:23]} {[%emt 00:00:22]} Bxd3 {[%clk 01:32:24]} {[%emt
00:00:43]} 11. Qxd3 {[%clk 01:31:46]} {[%emt 00:00:06]} c6 {[%clk 01:32:08]}
{[%emt 00:00:47]} 12. Bf4 {[%clk 01:31:14]} {[%emt 00:01:03]} Na6 {[%clk
01:31:23]} {[%emt 00:01:15]} 13. h4 {[%clk 01:30:32]} {[%emt 00:01:11]} Nc7
{[%clk 01:16:31]} {[%emt 00:15:22]} 14. Ng5 {[%clk 01:30:27]} {[%emt 00:00:35]}
Bxg5 {[%clk 01:13:29]} {[%emt 00:03:32]} 15. Bxg5 {[%clk 01:30:12]} {[%emt
00:00:44]} f6 {[%clk 01:12:41]} {[%emt 00:01:18]} 16. Bf4 {[%clk 01:30:35]}
{[%emt 00:00:08]} Qd7 {[%clk 01:03:02]} {[%emt 00:10:09]} 17. Ne3 {[%clk
01:30:01]} {[%emt 00:01:03]} Rfe8 {[%clk 00:55:42]} {[%emt 00:07:50]} 18. Re2
{[%clk 01:23:22]} {[%emt 00:07:10]} Re4 {[%clk 00:47:56]} {[%emt 00:08:15]} 19.
Bxd6 {[%clk 01:17:46]} {[%emt 00:06:07]} Qxd6 {[%clk 00:47:17]} {[%emt
00:01:09]} 20. Nf5 {[%clk 01:17:46]} {[%emt 00:00:30]} Qe6 {[%clk 00:42:52]}
{[%emt 00:04:54]} 21. Nxg7 {[%clk 00:56:53]} {[%emt 00:21:24]} Kxg7 {[%clk
00:43:10]} {[%emt 00:00:11]} 22. Rxe4 {[%clk 00:56:42]} {[%emt 00:00:41]} Qxe4
{[%clk 00:43:33]} {[%emt 00:00:08]} 23. Qg3+ {[%clk 00:57:10]} {[%emt
00:00:02]} Kh8 {[%clk 00:37:45]} {[%emt 00:06:18]} 24. Qxc7 {[%clk 00:57:10]}
{[%emt 00:00:30]} Rg8 {[%clk 00:38:10]} {[%emt 00:00:05]} 25. g3 {[%clk
00:57:00]} {[%emt 00:00:40]} Qxd4 {[%clk 00:33:19]} {[%emt 00:05:21]} 26. Re1
{[%clk 00:54:28]} {[%emt 00:03:01]} Qxb2 {[%clk 00:26:13]} {[%emt 00:07:36]} 27.
Re7 {[%clk 00:33:49]} {[%emt 00:21:09]} Qxc2 {[%clk 00:25:49]} {[%emt
00:00:54]} 28. Qxb7 {[%clk 00:32:13]} {[%emt 00:02:06]} a5 {[%clk 00:22:14]}
{[%emt 00:04:05]} 29. Qc7 {[%clk 00:28:22]} {[%emt 00:04:21]} a4 {[%clk
00:11:34]} {[%emt 00:11:10]} 30. Qd6 {[%clk 00:24:09]} {[%emt 00:04:43]} Qc1+
{[%clk 00:05:15]} {[%emt 00:06:48]} 31. Kg2 {[%clk 00:21:03]} {[%emt 00:03:36]}
Qh6 {[%clk 00:05:37]} {[%emt 00:00:08]} 32. Kh2 {[%clk 00:17:49]} {[%emt
00:03:45]} Qf8 {[%clk 00:03:08]} {[%emt 00:02:59]} 33. Qe6 {[%clk 00:15:22]}
{[%emt 00:02:57]} d4 {[%clk 00:00:43]} {[%emt 00:02:55]} 34. Rf7 {[%clk
00:12:13]} {[%emt 00:03:39]} Qd8 {[%clk 00:01:05]} {[%emt 00:00:08]} 35. Rd7
{[%clk 00:11:24]} {[%emt 00:01:19]} Qf8 {[%clk 00:01:28]} {[%emt 00:00:06]} 36.
Qxc6 {[%clk 00:10:38]} {[%emt 00:01:16]} a3 {[%clk 00:01:21]} {[%emt 00:00:37]}
37. Qd5 {[%clk 00:08:02]} {[%emt 00:03:06]} Qe8 {[%clk 00:00:53]} {[%emt
00:00:57]} 38. Qxd4 {[%clk 00:07:51]} {[%emt 00:00:41]} Qe6 {[%clk 00:00:42]}
{[%emt 00:00:41]} 39. Rd6 {[%clk 00:07:48]} {[%emt 00:00:34]} Rg4 {[%clk
00:01:00]} {[%emt 00:00:12]} 40. Rd8+ {[%clk 00:02:22]} {[%emt 00:05:56]} Rg8
{[%clk 00:01:04]} {[%emt 00:00:26]} 41. Rd7 {[%clk 00:29:52]} {[%emt 00:03:00]}
Rf8 {[%clk 00:30:35]} {[%emt 00:00:58]} 42. Qd3 {[%clk 00:25:17]} {[%emt
00:05:06]} Rf7 {[%clk 00:30:13]} {[%emt 00:00:52]} 43. Rxf7 {[%clk 00:25:00]}
{[%emt 00:00:46]} Qxf7 {[%clk 00:30:36]} {[%emt 00:00:07]} 44. Qxa3 {[%clk
00:25:27]} {[%emt 00:00:04]} Kg7 {[%clk 00:30:23]} {[%emt 00:00:42]} 45. Qa6
{[%clk 00:23:46]} {[%emt 00:02:11]} f5 {[%clk 00:30:44]} {[%emt 00:00:09]} 46.
Qe2 {[%clk 00:23:19]} {[%emt 00:00:58]} Qa7 {[%clk 00:29:18]} {[%emt 00:01:56]}
47. Qe5+ {[%clk 00:21:46]} {[%emt 00:02:02]} Kg8 {[%clk 00:29:14]} {[%emt
00:00:33]} 48. Qd5+ {[%clk 00:22:07]} {[%emt 00:00:10]} Kg7 {[%clk 00:29:36]}
{[%emt 00:00:08]} 49. Kg2 {[%clk 00:22:11]} {[%emt 00:00:26]} 1-0

[Event "World Cup 2023 Open"]
[Site "Baku, Azerbaijan"]
[Date "2023.08.02"]
[Round "11.19"]
[White "Suleymanli Aydin (AZE)"]
[Black "Maghsoodloo Parham (IRI)"]
[Result "0-1"]
[WhiteFideId "13413937"]
[BlackFideId "12539929"]
[WhiteElo "2586"]
[BlackElo "2719"]

1. e4 {[%clk 01:30:51]} {[%emt 00:00:08]} e5 {[%clk 01:30:07]} {[%emt
00:00:53]} 2. Nf3 {[%clk 01:31:11]} {[%emt 00:00:10]} Nc6 {[%clk 01:30:23]}
{[%emt 00:00:14]} 3. Bb5 {[%clk 01:31:35]} {[%emt 00:00:06]} Nf6 {[%clk
01:28:30]} {[%emt 00:02:22]} 4. d3 {[%clk 01:31:55]} {[%emt 00:00:10]} Bc5
{[%clk 01:28:25]} {[%emt 00:00:35]} 5. c3 {[%clk 01:32:20]} {[%emt 00:00:05]}
d6 {[%clk 01:27:37]} {[%emt 00:01:18]} 6. O-O {[%clk 01:31:27]} {[%emt
00:01:24]} O-O {[%clk 01:27:55]} {[%emt 00:00:12]} 7. Bg5 {[%clk 01:24:56]}
{[%emt 00:07:00]} Ne7 {[%clk 01:11:46]} {[%emt 00:16:38]} 8. d4 {[%clk
00:56:19]} {[%emt 00:29:08]} Bb6 {[%clk 01:04:59]} {[%emt 00:07:18]} 9. Re1
{[%clk 00:55:15]} {[%emt 00:01:34]} Ng6 {[%clk 00:46:33]} {[%emt 00:18:56]} 10.
dxe5 {[%clk 00:54:38]} {[%emt 00:01:08]} dxe5 {[%clk 00:42:29]} {[%emt
00:04:34]} 11. Qxd8 {[%clk 00:54:01]} {[%emt 00:01:07]} Rxd8 {[%clk 00:42:53]}
{[%emt 00:00:05]} 12. Nbd2 {[%clk 00:53:33]} {[%emt 00:00:58]} Be6 {[%clk
00:38:41]} {[%emt 00:04:42]} 13. Bc4 {[%clk 00:52:25]} {[%emt 00:01:38]} h6
{[%clk 00:34:19]} {[%emt 00:04:52]} 14. Be3 {[%clk 00:43:30]} {[%emt 00:09:25]}
Bd7 {[%clk 00:27:34]} {[%emt 00:07:15]} 15. Bb3 {[%clk 00:41:20]} {[%emt
00:02:41]} Bxe3 {[%clk 00:26:39]} {[%emt 00:01:25]} 16. Rxe3 {[%clk 00:41:43]}
{[%emt 00:00:07]} a5 {[%clk 00:26:58]} {[%emt 00:00:11]} 17. Bc2 {[%clk
00:33:42]} {[%emt 00:08:31]} a4 {[%clk 00:23:37]} {[%emt 00:03:51]} 18. Ree1
{[%clk 00:27:27]} {[%emt 00:06:45]} Be6 {[%clk 00:20:03]} {[%emt 00:04:04]} 19.
b3 {[%clk 00:24:52]} {[%emt 00:03:03]} Nd7 {[%clk 00:19:38]} {[%emt 00:00:57]}
20. g3 {[%clk 00:20:59]} {[%emt 00:04:23]} f6 {[%clk 00:17:38]} {[%emt
00:02:30]} 21. Kf1 {[%clk 00:17:10]} {[%emt 00:04:19]} Ne7 {[%clk 00:17:07]}
{[%emt 00:01:01]} 22. Ke2 {[%clk 00:16:04]} {[%emt 00:01:36]} Nc8 {[%clk
00:14:55]} {[%emt 00:02:42]} 23. Ke3 {[%clk 00:08:53]} {[%emt 00:07:42]} Nd6
{[%clk 00:13:14]} {[%emt 00:02:11]} 24. c4 {[%clk 00:05:55]} {[%emt 00:03:28]}
c5 {[%clk 00:07:16]} {[%emt 00:06:27]} 25. Reb1 {[%clk 00:02:30]} {[%emt
00:03:55]} b5 {[%clk 00:07:36]} {[%emt 00:00:10]} 26. Bd3 {[%clk 00:01:54]}
{[%emt 00:01:06]} b4 {[%clk 00:07:50]} {[%emt 00:00:16]} 27. Ne1 {[%clk
00:01:50]} {[%emt 00:00:34]} Ra7 {[%clk 00:02:47]} {[%emt 00:05:33]} 28. Rc1
{[%clk 00:02:19]} {[%emt 00:00:01]} Rda8 {[%clk 00:02:50]} {[%emt 00:00:27]} 29.
Rab1 {[%clk 00:02:49]} {[%emt 00:00:01]} axb3 {[%clk 00:02:45]} {[%emt
00:00:35]} 30. axb3 {[%clk 00:03:14]} {[%emt 00:00:04]} Nb8 {[%clk 00:01:39]}
{[%emt 00:01:36]} 31. Nc2 {[%clk 00:02:45]} {[%emt 00:00:59]} Nc6 {[%clk
00:02:02]} {[%emt 00:00:07]} 32. Ra1 {[%clk 00:02:27]} {[%emt 00:00:48]} Nd4
{[%clk 00:01:58]} {[%emt 00:00:34]} 33. Rxa7 {[%clk 00:02:39]} {[%emt
00:00:18]} Rxa7 {[%clk 00:02:25]} {[%emt 00:00:03]} 34. Nxd4 {[%clk 00:02:18]}
{[%emt 00:00:51]} exd4+ {[%clk 00:02:05]} {[%emt 00:00:50]} 35. Ke2 {[%clk
00:02:42]} {[%emt 00:00:07]} g5 {[%clk 00:01:48]} {[%emt 00:00:46]} 36. h4
{[%clk 00:02:28]} {[%emt 00:00:43]} Nf7 {[%clk 00:01:23]} {[%emt 00:00:57]} 37.
hxg5 {[%clk 00:02:21]} {[%emt 00:00:36]} hxg5 {[%clk 00:01:48]} {[%emt
00:00:06]} 38. f4 {[%clk 00:00:40]} {[%emt 00:02:11]} Bg4+ {[%clk 00:01:08]}
{[%emt 00:01:10]} 39. Kf2 {[%clk 00:00:34]} {[%emt 00:00:37]} Nd8 {[%clk
00:01:03]} {[%emt 00:00:35]} 40. Rh1 {[%clk 00:00:33]} {[%emt 00:00:31]} Ne6
{[%clk 00:00:44]} {[%emt 00:00:49]} 41. Bb1 {[%clk 00:23:57]} {[%emt 00:07:06]}
Rh7 {[%clk 00:22:28]} {[%emt 00:08:46]} 42. Rxh7 {[%clk 00:23:21]} {[%emt
00:01:05]} Kxh7 {[%clk 00:22:56]} {[%emt 00:00:02]} 43. e5+ {[%clk 00:19:39]}
{[%emt 00:04:12]} f5 {[%clk 00:22:40]} {[%emt 00:00:46]} 44. Nf3 {[%clk
00:18:55]} {[%emt 00:01:14]} Kg6 {[%clk 00:17:42]} {[%emt 00:05:27]} 45. Nh2
{[%clk 00:04:20]} {[%emt 00:15:05]} Kh5 {[%clk 00:12:27]} {[%emt 00:05:45]} 46.
fxg5 {[%clk 00:04:02]} {[%emt 00:00:48]} Kxg5 {[%clk 00:12:29]} {[%emt
00:00:29]} 47. Bc2 {[%clk 00:02:16]} {[%emt 00:02:16]} Nf8 {[%clk 00:10:00]}
{[%emt 00:02:58]} 48. Ke1 {[%clk 00:01:39]} {[%emt 00:01:07]} Bh5 {[%clk
00:08:21]} {[%emt 00:02:08]} 49. Bd1 {[%clk 00:01:10]} {[%emt 00:01:00]} Bxd1
{[%clk 00:08:25]} {[%emt 00:00:27]} 50. Kxd1 {[%clk 00:01:39]} {[%emt
00:00:01]} Ng6 {[%clk 00:08:47]} {[%emt 00:00:07]} 51. e6 {[%clk 00:01:05]}
{[%emt 00:01:04]} Kf6 {[%clk 00:09:11]} {[%emt 00:00:06]} 52. Nf3 {[%clk
00:01:11]} {[%emt 00:00:24]} Kxe6 {[%clk 00:09:20]} {[%emt 00:00:21]} 53. Ne1
{[%clk 00:01:36]} {[%emt 00:00:04]} Ne5 {[%clk 00:09:44]} {[%emt 00:00:06]} 54.
Ke2 {[%clk 00:02:02]} {[%emt 00:00:04]} Kf6 {[%clk 00:10:06]} {[%emt 00:00:08]}
55. Kf2 {[%clk 00:02:26]} {[%emt 00:00:06]} Kg5 {[%clk 00:10:19]} {[%emt
00:00:17]} 0-1

[Event "World Cup 2023 Open"]
[Site "Baku, Azerbaijan"]
[Date "2023.08.02"]
[Round "11.20"]
[White "Vidit Santosh Gujrathi (IND)"]
[Black "Mastrovasilis Dimitrios (GRE)"]
[Result "1/2-1/2"]
[WhiteFideId "5029465"]
[BlackFideId "4202694"]
[WhiteElo "2719"]
[BlackElo "2587"]

1. d4 {[%clk 01:30:07]} {[%emt 00:00:51]} d5 {[%clk 01:30:47]} {[%emt
00:00:11]} 2. c4 {[%clk 01:30:25]} {[%emt 00:00:15]} e6 {[%clk 01:31:04]}
{[%emt 00:00:12]} 3. Nc3 {[%clk 01:30:13]} {[%emt 00:00:42]} Nf6 {[%clk
01:31:04]} {[%emt 00:00:29]} 4. Bg5 {[%clk 01:29:40]} {[%emt 00:01:04]} Be7
{[%clk 01:30:55]} {[%emt 00:00:39]} 5. Nf3 {[%clk 01:29:41]} {[%emt 00:00:30]}
h6 {[%clk 01:30:36]} {[%emt 00:00:48]} 6. Bh4 {[%clk 01:30:00]} {[%emt
00:00:12]} dxc4 {[%clk 01:29:07]} {[%emt 00:01:59]} 7. e3 {[%clk 01:29:49]}
{[%emt 00:00:41]} c5 {[%clk 01:29:18]} {[%emt 00:00:19]} 8. Bxc4 {[%clk
01:18:46]} {[%emt 00:11:33]} cxd4 {[%clk 01:27:42]} {[%emt 00:02:06]} 9. Nxd4
{[%clk 01:19:09]} {[%emt 00:00:07]} Bd7 {[%clk 01:26:58]} {[%emt 00:01:13]} 10.
O-O {[%clk 01:09:51]} {[%emt 00:09:49]} Nc6 {[%clk 01:27:05]} {[%emt 00:00:22]}
11. Nf3 {[%clk 01:10:08]} {[%emt 00:00:13]} O-O {[%clk 01:24:24]} {[%emt
00:03:12]} 12. Rc1 {[%clk 01:06:55]} {[%emt 00:03:44]} Nh5 {[%clk 01:20:03]}
{[%emt 00:04:50]} 13. Bxe7 {[%clk 01:06:35]} {[%emt 00:00:50]} Qxe7 {[%clk
01:20:21]} {[%emt 00:00:12]} 14. Qe2 {[%clk 01:04:28]} {[%emt 00:02:37]} Rfd8
{[%clk 01:18:31]} {[%emt 00:02:19]} 15. a3 {[%clk 01:02:42]} {[%emt 00:02:18]}
Be8 {[%clk 01:15:20]} {[%emt 00:03:40]} 16. Bd3 {[%clk 00:57:04]} {[%emt
00:06:09]} Nf6 {[%clk 01:11:09]} {[%emt 00:04:40]} 17. Bb1 {[%clk 00:56:48]}
{[%emt 00:00:47]} a6 {[%clk 01:00:36]} {[%emt 00:11:02]} 18. b4 {[%clk
00:55:52]} {[%emt 00:01:26]} Na7 {[%clk 00:49:51]} {[%emt 00:11:15]} 19. Qb2
{[%clk 00:51:53]} {[%emt 00:04:30]} Rac8 {[%clk 00:43:40]} {[%emt 00:06:40]} 20.
h3 {[%clk 00:48:53]} {[%emt 00:03:30]} Rc7 {[%clk 00:39:59]} {[%emt 00:04:10]}
21. Ne5 {[%clk 00:36:53]} {[%emt 00:12:31]} Rdc8 {[%clk 00:35:43]} {[%emt
00:04:46]} 22. Rfd1 {[%clk 00:31:06]} {[%emt 00:06:17]} Nb5 {[%clk 00:30:25]}
{[%emt 00:05:48]} 23. Nxb5 {[%clk 00:30:08]} {[%emt 00:01:28]} Bxb5 {[%clk
00:30:43]} {[%emt 00:00:11]} 24. e4 {[%clk 00:26:47]} {[%emt 00:03:51]} Ba4
{[%clk 00:25:14]} {[%emt 00:05:59]} 25. Re1 {[%clk 00:27:00]} {[%emt 00:00:17]}
Nd7 {[%clk 00:22:59]} {[%emt 00:02:45]} 26. Rxc7 {[%clk 00:25:26]} Rxc7 {[%clk
00:23:26]} {[%emt 00:02:07]} 27. Nd3 {[%clk 00:19:29]} {[%emt 00:06:28]} Bb5
{[%clk 00:17:47]} {[%emt 00:06:09]} 28. Rc1 {[%clk 00:19:36]} {[%emt 00:00:22]}
Nb6 {[%clk 00:15:15]} {[%emt 00:03:03]} 29. Nc5 {[%clk 00:13:12]} {[%emt
00:06:55]} Na4 {[%clk 00:12:43]} {[%emt 00:03:01]} 30. Nxa4 {[%clk 00:13:33]}
{[%emt 00:00:09]} Bxa4 {[%clk 00:13:11]} {[%emt 00:00:02]} 31. Bd3 {[%clk
00:12:36]} {[%emt 00:01:27]} 1/2-1/2

[Event "World Cup 2023 Open"]
[Site "Baku, Azerbaijan"]
[Date "2023.08.02"]
[Round "11.21"]
[White "Adhiban B. (IND)"]
[Black "Dubov Daniil (FID)"]
[Result "0-1"]
[WhiteFideId "5018471"]
[BlackFideId "24126055"]
[WhiteElo "2587"]
[BlackElo "2716"]

1. e4 {[%clk 01:30:54]} {[%emt 00:00:05]} e5 {[%clk 01:29:47]} {[%emt
00:01:13]} 2. Nf3 {[%clk 01:31:18]} {[%emt 00:00:06]} Nc6 {[%clk 01:30:10]}
{[%emt 00:00:07]} 3. Bb5 {[%clk 01:31:44]} {[%emt 00:00:04]} a6 {[%clk
01:30:26]} {[%emt 00:00:13]} 4. Ba4 {[%clk 01:32:11]} {[%emt 00:00:03]} Nf6
{[%clk 01:30:47]} {[%emt 00:00:09]} 5. O-O {[%clk 01:32:36]} {[%emt 00:00:06]}
Be7 {[%clk 01:31:04]} {[%emt 00:00:12]} 6. d3 {[%clk 01:32:54]} {[%emt
00:00:13]} b5 {[%clk 01:31:14]} {[%emt 00:00:21]} 7. Bb3 {[%clk 01:33:22]}
{[%emt 00:00:02]} d6 {[%clk 01:31:01]} {[%emt 00:00:42]} 8. Bd2 {[%clk
01:33:43]} {[%emt 00:00:09]} O-O {[%clk 01:28:17]} {[%emt 00:03:14]} 9. h3
{[%clk 01:33:44]} {[%emt 00:00:29]} h6 {[%clk 01:26:09]} {[%emt 00:02:38]} 10.
Re1 {[%clk 01:34:09]} {[%emt 00:00:05]} Re8 {[%clk 01:23:33]} {[%emt 00:03:06]}
11. a4 {[%clk 01:34:32]} {[%emt 00:00:07]} Rb8 {[%clk 01:23:29]} {[%emt
00:00:33]} 12. axb5 {[%clk 01:34:36]} {[%emt 00:00:27]} axb5 {[%clk 01:23:56]}
{[%emt 00:00:03]} 13. Nc3 {[%clk 01:35:01]} {[%emt 00:00:04]} Bf8 {[%clk
01:21:07]} {[%emt 00:03:19]} 14. Nd5 {[%clk 01:33:39]} {[%emt 00:01:52]} Nxd5
{[%clk 01:17:19]} {[%emt 00:04:18]} 15. Bxd5 {[%clk 01:34:07]} {[%emt
00:00:02]} Ne7 {[%clk 01:17:11]} {[%emt 00:00:38]} 16. Bb3 {[%clk 01:34:35]}
{[%emt 00:00:02]} Ng6 {[%clk 01:12:52]} {[%emt 00:04:49]} 17. Ra7 {[%clk
01:35:00]} {[%emt 00:00:05]} Be6 {[%clk 01:11:11]} {[%emt 00:02:11]} 18. Bxe6
{[%clk 01:28:12]} {[%emt 00:07:18]} Rxe6 {[%clk 01:01:21]} {[%emt 00:10:20]} 19.
Be3 {[%clk 01:28:35]} {[%emt 00:00:06]} c5 {[%clk 00:53:10]} {[%emt 00:08:40]}
20. g3 {[%clk 01:23:55]} {[%emt 00:05:10]} d5 {[%clk 00:49:58]} {[%emt
00:03:43]} 21. h4 {[%clk 01:21:04]} {[%emt 00:03:21]} Ne7 {[%clk 00:48:51]}
{[%emt 00:01:36]} 22. h5 {[%clk 01:15:09]} {[%emt 00:06:24]} Nc6 {[%clk
00:47:06]} {[%emt 00:02:16]} 23. Ra1 {[%clk 01:06:04]} {[%emt 00:09:35]} Be7
{[%clk 00:47:17]} {[%emt 00:00:18]} 24. c3 {[%clk 00:47:02]} {[%emt 00:19:33]}
Qd7 {[%clk 00:42:02]} {[%emt 00:05:46]} 25. Kg2 {[%clk 00:41:31]} {[%emt
00:06:00]} d4 {[%clk 00:38:28]} {[%emt 00:04:04]} 26. cxd4 {[%clk 00:41:47]}
{[%emt 00:00:15]} exd4 {[%clk 00:38:53]} {[%emt 00:00:05]} 27. Bf4 {[%clk
00:40:21]} {[%emt 00:01:56]} Rc8 {[%clk 00:39:21]} {[%emt 00:00:02]} 28. Qb3
{[%clk 00:37:48]} {[%emt 00:03:02]} Nb4 {[%clk 00:37:54]} {[%emt 00:01:58]} 29.
Rac1 {[%clk 00:27:38]} {[%emt 00:10:40]} Rec6 {[%clk 00:28:33]} {[%emt
00:09:51]} 30. Qd1 {[%clk 00:21:09]} {[%emt 00:06:59]} Ra6 {[%clk 00:23:29]}
{[%emt 00:05:34]} 31. Qe2 {[%clk 00:19:49]} {[%emt 00:01:50]} Ra2 {[%clk
00:21:42]} {[%emt 00:02:17]} 32. Red1 {[%clk 00:18:24]} {[%emt 00:01:55]} Rd8
{[%clk 00:19:41]} {[%emt 00:02:30]} 33. Rd2 {[%clk 00:17:40]} {[%emt 00:01:14]}
Qe6 {[%clk 00:19:25]} {[%emt 00:00:46]} 34. Qd1 {[%clk 00:17:17]} {[%emt
00:00:52]} Raa8 {[%clk 00:15:45]} {[%emt 00:04:10]} 35. Ne5 {[%clk 00:15:05]}
{[%emt 00:02:42]} Rac8 {[%clk 00:13:57]} {[%emt 00:02:19]} 36. Nf3 {[%clk
00:13:25]} {[%emt 00:02:10]} Bf6 {[%clk 00:12:36]} {[%emt 00:01:51]} 37. Kh2
{[%clk 00:07:01]} {[%emt 00:06:54]} Kh7 {[%clk 00:12:27]} {[%emt 00:00:39]} 38.
Kg2 {[%clk 00:06:48]} {[%emt 00:00:43]} Be7 {[%clk 00:12:25]} {[%emt 00:00:31]}
39. Ne5 {[%clk 00:06:15]} {[%emt 00:01:04]} c4 {[%clk 00:07:02]} {[%emt
00:05:53]} 40. dxc4 {[%clk 00:04:54]} {[%emt 00:01:51]} bxc4 {[%clk 00:07:21]}
{[%emt 00:00:11]} 41. Qf3 {[%clk 00:17:47]} {[%emt 00:17:38]} Rc5 {[%clk
00:31:19]} {[%emt 00:06:32]} 42. Ng4 {[%clk 00:17:39]} {[%emt 00:00:38]} Nd3
{[%clk 00:30:09]} {[%emt 00:01:40]} 43. Rxd3 {[%clk 00:09:42]} {[%emt
00:08:27]} cxd3 {[%clk 00:30:32]} {[%emt 00:00:07]} 44. Rxc5 {[%clk 00:10:10]}
{[%emt 00:00:03]} Bxc5 {[%clk 00:30:54]} {[%emt 00:00:07]} 45. Ne5 {[%clk
00:10:32]} {[%emt 00:00:08]} d2 {[%clk 00:30:26]} {[%emt 00:00:58]} 46. Nd3
{[%clk 00:10:51]} {[%emt 00:00:12]} d1=Q {[%clk 00:29:40]} {[%emt 00:01:15]} 47.
Qxd1 {[%clk 00:11:19]} {[%emt 00:00:02]} Qxe4+ {[%clk 00:30:01]} {[%emt
00:00:09]} 48. Qf3 {[%clk 00:11:44]} {[%emt 00:00:06]} Qe7 {[%clk 00:29:55]}
{[%emt 00:00:36]} 49. Be5 {[%clk 00:10:02]} {[%emt 00:02:12]} Kg8 {[%clk
00:29:12]} {[%emt 00:01:12]} 50. Bf4 {[%clk 00:09:10]} {[%emt 00:01:23]} Bd6
{[%clk 00:28:47]} {[%emt 00:00:55]} 51. Bd2 {[%clk 00:09:38]} {[%emt 00:00:02]}
Qe6 {[%clk 00:28:40]} {[%emt 00:00:38]} 52. b4 {[%clk 00:09:35]} {[%emt
00:00:33]} f5 {[%clk 00:27:51]} {[%emt 00:01:17]} 53. b5 {[%clk 00:08:25]}
{[%emt 00:01:42]} Rb8 {[%clk 00:27:41]} {[%emt 00:00:40]} 54. Bf4 {[%clk
00:07:37]} {[%emt 00:01:18]} Bxf4 {[%clk 00:27:33]} {[%emt 00:00:38]} 55. Nxf4
{[%clk 00:08:02]} {[%emt 00:00:05]} Qe4 {[%clk 00:27:10]} {[%emt 00:00:53]} 0-1